000 00297nam a22001217a 4500
020 _a0967-1889-X
082 _a200
_bHUG/B
100 _aHUGHES, SELWYN
245 _aEVERYDAY WITH JESUS
_bBEING REAL
260 _aHYDERABAD
_bARUNODAYA PRINTERS HOUSE
_c2009
650 _aSPIRITUAL
_zINDIA
942 _cBK
999 _c4721
_d4721